Fundamentos de física moderna
Guardat en:
| Autors principals: | , , |
|---|---|
| Format: | Llibre |
| Idioma: | espanyol |
| Publicat: |
Barcelona
Ediciones UPC
1993
|
| Matèries: | |
| Etiquetes: |
Afegir etiqueta
Sense etiquetes, Sigues el primer a etiquetar aquest registre!
|
MARC
| LEADER | 00000nam a2200000 a 4500 | ||
|---|---|---|---|
| 001 | UCP1348 | ||
| 003 | CL-VaPUC | ||
| 008 | 990409e19930000SP |||||||||||||||||spa|d | ||
| 082 | 0 | 4 | |a 539.01 |b MAS |2 21 |
| 100 | |a Massaguer Navarro, Josep M. |e autor |9 427335 | ||
| 700 | 0 | |a García Berro Montilla, Enríque |e author |9 427336 | |
| 700 | 0 | |a Iranzo Fernández, Vicente |e author |9 427337 | |
| 245 | 1 | 0 | |a Fundamentos de física moderna |
| 300 | |a 160 p | ||
| 942 | |c BK | ||
| 945 | |d 19990409 00:00:00 |a rbrito | ||
| 260 | |a Barcelona |b Ediciones UPC |c 1993 | ||
| 650 | 0 | |a Mecánica |9 260096 | |
| 650 | 7 | |a FISICA MODERNA |2 CL-VaPUC |9 316548 | |
| 650 | 7 | |a ENERGIA CINETICA |2 CL-VaPUC |9 368071 | |
| 650 | 7 | |a ECUACIONES DE LAGRANGE |2 CL-VaPUC |9 354937 | |
| 650 | 0 | |a Ondas |9 260165 | |
| 650 | 7 | |a MECANICA ONDULATORIA |2 CL-VaPUC |9 270490 | |
| 650 | 7 | |a FISICA ATOMICA |2 CL-VaPUC |9 346166 | |
| 583 | |a last modification |c 19990409 00:00:00 |k Rodrigo Vera | ||
| 999 | |c 280032 |d 280030 | ||
| 952 | |0 0 |1 0 |4 0 |6 539_010000000000000_MAS_1993 |7 0 |8 A |9 320009 |a BIBCUR |b BIBCUR |d 2019-11-20 |i 3493504 |o 539.01 MAS 1993 |p 3493504 |r 2025-04-22 |w 2019-11-20 |y BK |k FIS | ||